Khuyến nông
Sách cung cấp kiến thức về công tác khuyến nông: về nhận thức, về quan diểm, về lý luận, về tổ chức - chỉ đạo thực hiện và sự hỗ trợ của các ngành các cấp
Сохранить в:
| Главный автор: | |
|---|---|
| Формат: | |
| Язык: | Undetermined |
| Опубликовано: |
Hà Nội
Nông Nghiệp
1999
|
| Предметы: | |
| Метки: |
Добавить метку
Нет меток, Требуется 1-ая метка записи!
|
| Thư viện lưu trữ: | Trung tâm Học liệu Trường Đại học Cần Thơ |
|---|
| LEADER | 00869nam a2200217Ia 4500 | ||
|---|---|---|---|
| 001 | CTU_34362 | ||
| 008 | 210402s9999 xx 000 0 und d | ||
| 082 | |a 630.715 | ||
| 082 | |b B212 | ||
| 100 | |a Ban, A W. van den | ||
| 245 | 0 | |a Khuyến nông | |
| 245 | 2 | |c A W. van den Ban và H S Hawkins ; Nguyễn Văn Linh biên dịch | |
| 260 | |a Hà Nội | ||
| 260 | |b Nông Nghiệp | ||
| 260 | |c 1999 | ||
| 520 | |a Sách cung cấp kiến thức về công tác khuyến nông: về nhận thức, về quan diểm, về lý luận, về tổ chức - chỉ đạo thực hiện và sự hỗ trợ của các ngành các cấp | ||
| 526 | |a Khuyến nông | ||
| 526 | |b NN326 | ||
| 650 | |a Agriculture extension work | ||
| 904 | |i Minh | ||
| 980 | |a Trung tâm Học liệu Trường Đại học Cần Thơ | ||